000 01507nam a22003137a 4500
005 20080918163843.0
008 080918t xxu||||| |||| 00| 0 mar d
010 _aMAR-20839
020 _c100.00
035 _aMR-13497
037 _bDBAD / PUB
040 _aDPL
_bMAR
082 _a811.092
100 _9747
_aतांबे, कुंदन
245 _aमहाकवीःकालिदास /
_cकुंदन तांबे
246 _aMahakavi Kalidas
_bby Kundan Tanbe
260 _aपुणे
_bउन्मेश प्रकाशन
_c2010
270 _aचंद्रनील अपार्टमेंट्स, सी विंग, कॉसमॉस बॅकेसमोर, सिंहगड रोड
_bपुणे
_e30
_k020- 24336211
300 _a120पृ.
_c22सेमी (अजिल्द)
650 _9697
650 _9698
700 _927881
700 _927882
700 _927883
942 _2ddc
_cHN
_mतांबेकुं
_h811.092
999 _c52450
_d52450